000 00351nam a2200169Ia 4500
100 _aSilberschatz/Abraham/ Galvin/ P.B.
650 _aWeb engineering
250 _a8
942 _cBK
366 _f25
245 _aOperating Systems
260 _bWiley India
_c2010
082 _a4.65
_bKAP
300 _a962
546 _aENGLISH
999 _c34423
_d34423